| 000 | 00463cam a2200193 4500 | ||
|---|---|---|---|
| 001 | D5575 | ||
| 008 | 090401t1949 xxu||||| |||| 00| 0 eng d | ||
| 035 | _a(Sirsi) u56890 | ||
| 041 | _aeng | ||
| 050 | _a711.026 | ||
| 100 | _aHill, H.A. | ||
| 245 | 4 | _aThe complete law of town and country planning | |
| 250 | _a4th | ||
| 260 |
_aLondon _bButterworth & Co _c1949 |
||
| 300 | _alxxvii. 1309 (61)p. 25.5cm | ||
| 350 | _a0 | ||
| 942 | _n0 | ||
| 948 | _c04/03/1997 | ||
| 999 |
_c93853 _d93853 |
||